[Event "DEM U12 2005"]
[Site "Willingen GER"]
[Date "2005.05.15"]
[Round "1"]
[White "Hubbuch, Fabian"]
[Black "Graf, Felix"]
[Result "0-1"]
[Termination "normal"]
[Board "1"]
[WhiteElo "1452"]
[BlackElo "2152"]
[PlyCount "64"]
[BlackFideId "24608904"]
[EventCountry "GER"]
[EventRounds "11"]
[EventType "swiss"]
[EventDate "2005.05.15"]

1. e4 e6 2. d4 d5 3. Nc3 Bb4 4. e5 c5 5. Bd2 Ne7 6. f4 Nbc6 7. Nf3 Nf5 8. Nb5
Bxd2+ 9. Qxd2 a6 10. g4 Nh4 11. Nd6+ Qxd6 12. Nxh4 Qe7 13. Nf3 Nxd4 14. Nxd4
cxd4 15. O-O-O h5 16. g5 g6 17. Qxd4 Bd7 18. Be2 O-O 19. Rhg1 Bb5 20. Bxb5 axb5
21. a3 Ra4 22. Qf2 b4 23. Rd3 bxa3 24. bxa3 Rxa3 25. Rxa3 Qxa3+ 26. Kd2 Rc8 27.
Qb6 Qc3+ 28. Ke2 Qxc2+ 29. Kf3 Rc3+ 30. Qe3 Qe4+ 31. Kf2 Qxe3+ 32. Kg2 Qf3# 0-1

[Event "DEM U12 2005"]
[Site "Willingen GER"]
[Date "2005.05.15"]
[Round "1"]
[White "Schäfer, Alexander"]
[Black "Schulz, Anja"]
[Result "0-1"]
[Termination "normal"]
[Board "2"]
[WhiteElo "2035"]
[BlackElo "1444"]
[PlyCount "86"]
[WhiteFideId "24615196"]
[BlackFideId "24647845"]
[EventCountry "GER"]
[EventRounds "11"]
[EventType "swiss"]
[EventDate "2005.05.15"]

1. e4 c5 2. Nf3 Nc6 3. Bb5 g6 4. O-O Bg7 5. c3 e6 6. Re1 Nge7 7. d4 cxd4 8.
cxd4 O-O 9. Nc3 d5 10. e5 Bd7 11. Be3 Nf5 12. Bf4 Na5 13. Bg5 Qe8 14. Qa4 Bxb5
15. Qxa5 Ba6 16. Qa3 h6 17. Bd2 Qd7 18. Na4 b6 19. Bb4 Rfc8 20. g4 Nxd4 21.
Nxd4 Rc4 22. Rad1 Rac8 23. b3 R4c7 24. Nxb6 axb6 25. Qxa6 Ra7 26. Qxb6 Rxa2 27.
Qd6 Qb7 28. Ra1 Rxa1 29. Rxa1 Bf8 30. Qa6 Rc1+ 31. Kg2 Qxa6 32. Rxa6 Bxb4 33.
Nc6 Be1 34. b4 Rb1 35. Kf3 Rb2 36. Ra8+ Kg7 37. Rb8 Rxf2+ 38. Ke3 Rxh2 39. b5
Rb2 40. Ne7 Bg3 41. Kd4 Bf2+ 42. Kc3 Rb1 43. Ng8 Bg3 0-1

[Event "DEM U12 2005"]
[Site "Willingen GER"]
[Date "2005.05.15"]
[Round "1"]
[White "Mertens, Fridolin"]
[Black "Kaphle, Stephan"]
[Result "0-1"]
[Termination "normal"]
[Board "3"]
[WhiteElo "1443"]
[BlackElo "1954"]
[PlyCount "66"]
[WhiteFideId "24671940"]
[BlackFideId "24629103"]
[EventCountry "GER"]
[EventRounds "11"]
[EventType "swiss"]
[EventDate "2005.05.15"]

1. e4 c5 2. Nf3 e6 3. d4 cxd4 4. Nxd4 Nf6 5. Nc3 d6 6. Bd3 a6 7. Bg5 Be7 8. f4
Qc7 9. Qf3 Nbd7 10. O-O-O b5 11. g4 Qb6 12. Nb3 Bb7 13. h4 Bc6 14. Bxf6 Bxf6
15. Ne2 g6 16. g5 Bg7 17. h5 Rg8 18. Kb1 a5 19. h6 Bh8 20. Rhf1 a4 21. Nd2 Qa5
22. c3 Nb6 23. Qg4 b4 24. c4 Bc3 25. f5 Ke7 26. fxe6 fxe6 27. Nf3 Qc5 28. Rc1
Qe3 29. Nxc3 Qxd3+ 30. Ka1 bxc3 31. Rfd1 Qe2 32. bxc3 Nxc4 33. Rb1 Bxe4 0-1

[Event "DEM U12 2005"]
[Site "Willingen GER"]
[Date "2005.05.15"]
[Round "1"]
[White "Jussupow, Alexander"]
[Black "Kreutzer, Alexander"]
[Result "0-1"]
[Termination "normal"]
[Board "4"]
[WhiteElo "1943"]
[BlackElo "1442"]
[PlyCount "116"]
[WhiteFideId "24613509"]
[BlackFideId "24670685"]
[EventCountry "GER"]
[EventRounds "11"]
[EventType "swiss"]
[EventDate "2005.05.15"]

1. d4 d5 2. c4 e6 3. Nc3 Nf6 4. cxd5 exd5 5. Bg5 Nbd7 6. e3 Be7 7. Bd3 O-O 8.
Nf3 h6 9. Bh4 c6 10. O-O Nh7 11. Bxe7 Qxe7 12. Bxh7+ Kxh7 13. Qc2+ Kg8 14. Rab1
Nf6 15. b4 Ne4 16. b5 Bf5 17. Nxe4 Bxe4 18. Qb3 Bxb1 19. Rxb1 Rab8 20. Ne5 Qd6
21. g3 a6 22. a4 c5 23. Qa3 Rbc8 24. Rc1 axb5 25. axb5 Rfd8 26. Rxc5 Rxc5 27.
Qxc5 Qxc5 28. dxc5 Rc8 29. c6 bxc6 30. Nxc6 Rc7 31. Nb4 Rc5 32. b6 Rb5 33. Nc6
Kf8 34. Kg2 Rxb6 35. Nd4 Rb2 36. Kf3 Ke7 37. h4 h5 38. Ne2 Kd6 39. Nf4 g6 40.
Nd3 Rb3 41. Nc1 Ra3 42. Ne2 Ke5 43. Nd4 f6 44. Nc6+ Ke6 45. Nd4+ Kf7 46. Kf4
Ra2 47. f3 Ra7 48. g4 hxg4 49. fxg4 Re7 50. Kf3 Re4 51. Nb5 Kg7 52. Nc3 Re5 53.
Kf4 Kf7 54. g5 Rf5+ 55. Kg4 fxg5 56. hxg5 Ke6 57. e4 dxe4 58. Nxe4 Ra5 0-1

[Event "DEM U12 2005"]
[Site "Willingen GER"]
[Date "2005.05.15"]
[Round "1"]
[White "März, Julian"]
[Black "Zelbel, Patrick"]
[Result "0-1"]
[Termination "normal"]
[Board "5"]
[WhiteElo "1439"]
[BlackElo "1927"]
[PlyCount "114"]
[WhiteFideId "24646172"]
[BlackFideId "24624322"]
[EventCountry "GER"]
[EventRounds "11"]
[EventType "swiss"]
[EventDate "2005.05.15"]

1. e4 e5 2. Nf3 Nc6 3. Bc4 Nf6 4. Ng5 d5 5. exd5 Na5 6. Bb5+ c6 7. dxc6 bxc6 8.
Be2 h6 9. Nh3 Bd6 10. Nc3 Qc7 11. Bf3 O-O 12. Nb5 cxb5 13. Bxa8 Bxh3 14. gxh3
Rxa8 15. d3 e4 16. Be3 Rd8 17. d4 Nc4 18. Qc1 Bb4+ 19. c3 Nxb2 20. Kf1 Nd3 21.
Qd2 Bxc3 22. Qc2 Nb4 23. Qc1 Qc4+ 24. Kg2 Bxa1 25. Qxa1 Nc2 26. Qc1 Nxe3+ 27.
Qxe3 Qxd4 28. Qxd4 Rxd4 29. Rb1 Rd2 30. a3 e3 31. Rxb5 Rxf2+ 32. Kg1 Rf4 33.
Rb1 e2 34. Re1 Rf1+ 35. Rxf1 exf1=Q+ 36. Kxf1 Nd5 37. Kf2 f5 38. Kf3 f4 39. Ke4
Kf7 40. a4 Ke6 41. a5 g5 42. a6 Nf6+ 43. Kd4 Nd5 44. Ke4 Nb4 45. h4 Nxa6 46.
hxg5 hxg5 47. Kd3 Nc5+ 48. Kd2 a5 49. Kc2 a4 50. Kd2 a3 51. Kc2 a2 52. Kb2 f3
53. h4 f2 54. hxg5 f1=Q 55. Kxa2 Qb5 56. g6 Qb3+ 57. Ka1 Na4 0-1

[Event "DEM U12 2005"]
[Site "Willingen GER"]
[Date "2005.05.15"]
[Round "1"]
[White "Grimm, Pascal"]
[Black "Weissbeck, Simon"]
[Result "1-0"]
[Termination "normal"]
[Board "6"]
[WhiteElo "1838"]
[BlackElo "1439"]
[PlyCount "85"]
[WhiteFideId "24620122"]
[BlackFideId "24646865"]
[EventCountry "GER"]
[EventRounds "11"]
[EventType "swiss"]
[EventDate "2005.05.15"]

1. c4 c5 2. Nc3 Nf6 3. g3 g6 4. Bg2 Bg7 5. e3 O-O 6. Nge2 d6 7. O-O a6 8. d4
Qc7 9. b3 Nc6 10. Bb2 Bg4 11. h3 Bxe2 12. Nxe2 Rad8 13. f4 cxd4 14. Nxd4 Nxd4
15. Bxd4 Nh5 16. Bxg7 Nxg7 17. Qf3 Rb8 18. Rac1 Qc5 19. g4 f5 20. Rfd1 fxg4 21.
hxg4 Ne6 22. Kh2 Kg7 23. Rd5 Qa3 24. Rcd1 Qxa2 25. Qe4 Kf7 26. f5 Nc5 27. fxg6+
Ke8 28. Rxc5 dxc5 29. g7 Rg8 30. Qxh7 Kf7 31. Rf1+ Ke6 32. Kh1 Qe2 33. Bd5+ Kd6
34. Qh6+ Kd7 35. Qe6+ Kc7 36. Qxe7+ Kb6 37. Qd6+ Ka7 38. Qxc5+ Ka8 39. Rf8 Qe1+
40. Kg2 Qh4 41. Rxg8 Qxg4+ 42. Kf2 Qf5+ 43. Bf3 1-0

[Event "DEM U12 2005"]
[Site "Willingen GER"]
[Date "2005.05.15"]
[Round "1"]
[White "Risius, Philipp"]
[Black "Friedrich, Wiede"]
[Result "0-1"]
[Termination "normal"]
[Board "7"]
[WhiteElo "1429"]
[BlackElo "1739"]
[PlyCount "78"]
[WhiteFideId "24630330"]
[BlackFideId "24629537"]
[EventCountry "GER"]
[EventRounds "11"]
[EventType "swiss"]
[EventDate "2005.05.15"]

1. e4 c5 2. Nf3 d6 3. d4 cxd4 4. Nxd4 Nf6 5. Nc3 g6 6. Be2 Bg7 7. O-O O-O 8.
Be3 Nc6 9. f4 Bd7 10. Qd2 Rc8 11. f5 a6 12. Rf3 Ng4 13. Nxc6 Bxc6 14. Rg3 Nxe3
15. Qxe3 Qa5 16. Kh1 Qb4 17. Qc1 Bxc3 18. bxc3 Qa4 19. c4 Bxe4 20. Bd3 Bxd3 21.
cxd3 Qa5 22. Qg5 Rc5 23. Rf1 e6 24. Qe3 Rxf5 25. Rxf5 Qxf5 26. h4 Qc5 27. Qf3
Qc6 28. Qg4 d5 29. h5 dxc4 30. dxc4 Rc8 31. Rc3 Qc5 32. hxg6 hxg6 33. Qf4 Kg7
34. Rf3 Rh8+ 35. Rh3 Rxh3+ 36. gxh3 e5 37. Qe4 Qc6 38. Qxc6 bxc6 39. Kg2 f5 0-1

[Event "DEM U12 2005"]
[Site "Willingen GER"]
[Date "2005.05.15"]
[Round "1"]
[White "Wang, Zhangxian"]
[Black "Schiffner, Kevin"]
[Result "1-0"]
[Termination "normal"]
[Board "8"]
[WhiteElo "1734"]
[BlackElo "1429"]
[PlyCount "95"]
[BlackFideId "24674940"]
[EventCountry "GER"]
[EventRounds "11"]
[EventType "swiss"]
[EventDate "2005.05.15"]

1. e4 c5 2. Nf3 Nc6 3. d4 cxd4 4. Nxd4 Nf6 5. Nc3 e6 6. Ndb5 a6 7. Nd6+ Bxd6 8.
Qxd6 Qe7 9. Qc7 d6 10. Qxe7+ Nxe7 11. Bf4 d5 12. exd5 Nfxd5 13. Nxd5 Nxd5 14.
Bd6 b5 15. Be2 Bb7 16. Bf3 Rd8 17. Be5 O-O 18. Rd1 Ba8 19. O-O f6 20. Bg3 Rfe8
21. Rfe1 Kf7 22. c3 a5 23. Rd2 Nb6 24. Rxd8 Rxd8 25. Bc7 Rd2 26. Bxb6 Bxf3 27.
gxf3 Rxb2 28. Bxa5 Rxa2 29. Bb4 Rd2 30. Ra1 Rd7 31. Ra8 Rb7 32. Bc5 Kg6 33. Kf1
Kf5 34. Ra7 Rxa7 35. Bxa7 g6 36. Ke2 e5 37. Ke3 g5 38. Bc5 h6 39. Ba3 Ke6 40.
Ke4 f5+ 41. Ke3 h5 42. h3 Kd5 43. Be7 g4 44. hxg4 hxg4 45. fxg4 fxg4 46. Bb4
Ke6 47. Ke4 Kf6 48. Bd6 1-0

[Event "DEM U12 2005"]
[Site "Willingen GER"]
[Date "2005.05.15"]
[Round "1"]
[White "Huhnstock, Rico"]
[Black "Billing, Alexander"]
[Result "1/2-1/2"]
[Termination "normal"]
[Board "9"]
[WhiteElo "1424"]
[BlackElo "1728"]
[PlyCount "42"]
[WhiteFideId "24642932"]
[BlackFideId "24624420"]
[EventCountry "GER"]
[EventRounds "11"]
[EventType "swiss"]
[EventDate "2005.05.15"]

1. e4 e6 2. d4 d5 3. exd5 exd5 4. c4 Nf6 5. Nc3 c6 6. Bg5 Be7 7. Be2 O-O 8. Nf3
Re8 9. O-O h6 10. Bh4 Nbd7 11. Re1 Nf8 12. Qb3 Ne4 13. Bxe7 Rxe7 14. cxd5 Nxc3
15. Qxc3 cxd5 16. Rac1 Be6 17. Qb4 Rc7 18. Bd3 Rac8 19. Qd2 Qd6 20. Rxc7 Rxc7
21. Rc1 Nd7 1/2-1/2

[Event "DEM U12 2005"]
[Site "Willingen GER"]
[Date "2005.05.15"]
[Round "1"]
[White "Endress, Anna"]
[Black "Marx, Joschka"]
[Result "1/2-1/2"]
[Termination "normal"]
[Board "10"]
[WhiteElo "1725"]
[BlackElo "1419"]
[PlyCount "87"]
[WhiteFideId "24629472"]
[BlackFideId "24645869"]
[EventCountry "GER"]
[EventRounds "11"]
[EventType "swiss"]
[EventDate "2005.05.15"]

1. e4 e5 2. Nf3 Nc6 3. Bb5 d6 4. d4 exd4 5. Nxd4 Bd7 6. Nxc6 Bxc6 7. Bxc6+ bxc6
8. Nc3 Nf6 9. Bg5 Be7 10. O-O O-O 11. Qf3 Nd7 12. Bxe7 Qxe7 13. Qg3 Rab8 14. b3
Rfe8 15. Rad1 Rbd8 16. Rfe1 f5 17. f4 fxe4 18. Nxe4 Qf7 19. Ng5 Qf5 20. Qd3
Qxd3 21. cxd3 Nf8 22. Kf2 h6 23. Nf3 Ng6 24. g3 c5 25. Rc1 Rxe1 26. Rxe1 Kf7
27. Re4 c6 28. Ra4 Rd7 29. d4 cxd4 30. Nxd4 Rc7 31. Rc4 Ne7 32. Kf3 Kf6 33. b4
a6 34. a4 Rc8 35. Ke2 Kf7 36. Kd3 Ke8 37. g4 Kd7 38. f5 Rb8 39. Nf3 Rf8 40. Rd4
Kc7 41. Nh4 Rf6 42. Re4 Kd7 43. Kd4 h5 44. h3 1/2-1/2

[Event "DEM U12 2005"]
[Site "Willingen GER"]
[Date "2005.05.15"]
[Round "1"]
[White "Wapenhans, Martin"]
[Black "Weber, Raphael"]
[Result "1/2-1/2"]
[Termination "normal"]
[Board "11"]
[WhiteElo "1416"]
[BlackElo "1721"]
[PlyCount "53"]
[BlackFideId "24644110"]
[EventCountry "GER"]
[EventRounds "11"]
[EventType "swiss"]
[EventDate "2005.05.15"]

1. d4 Nf6 2. Nf3 g6 3. Bf4 Bg7 4. h3 d6 5. e3 O-O 6. Be2 c5 7. c3 b6 8. O-O Bb7
9. Qd2 e6 10. c4 cxd4 11. exd4 d5 12. Na3 Nc6 13. Rac1 Qe7 14. Nb5 Rfd8 15. Qe3
Rac8 16. Ne5 a6 17. Nxc6 Bxc6 18. Na3 dxc4 19. Bxc4 b5 20. Be2 Nd5 21. Qg3 Nxf4
22. Qxf4 Rxd4 23. Qe3 Rdd8 24. Rc2 Bd4 25. Qg3 Qd6 26. Qxd6 Rxd6 27. Rfc1
1/2-1/2

[Event "DEM U12 2005"]
[Site "Willingen GER"]
[Date "2005.05.15"]
[Round "1"]
[White "Schmitt, Philipp"]
[Black "Iwanziw, Niklas"]
[Result "1-0"]
[Termination "normal"]
[Board "12"]
[WhiteElo "1705"]
[BlackElo "1406"]
[PlyCount "133"]
[WhiteFideId "24641766"]
[BlackFideId "24647101"]
[EventCountry "GER"]
[EventRounds "11"]
[EventType "swiss"]
[EventDate "2005.05.15"]

1. e4 d5 2. exd5 Nf6 3. d4 Nxd5 4. Nf3 Bg4 5. Be2 e6 6. c4 Nf6 7. h3 Bh5 8. O-O
c6 9. Bg5 Nbd7 10. Nc3 Nb6 11. b3 h6 12. Bh4 Bb4 13. Ne4 Be7 14. Bxf6 Bxf6 15.
Nxf6+ Qxf6 16. Ne5 Bxe2 17. Qxe2 Rd8 18. Rad1 O-O 19. f4 Qe7 20. Qf2 Nd7 21.
Nxd7 Rxd7 22. f5 exf5 23. Qxf5 Qe3+ 24. Qf2 Qxf2+ 25. Kxf2 Rfd8 26. Ke3 Re8+
27. Kd3 Rde7 28. Rd2 Re3+ 29. Kc2 Re2 30. Rf2 Rxf2 31. Rxf2 Rd8 32. Kd3 f6 33.
Re2 Kf7 34. Kc3 a5 35. Re4 b5 36. cxb5 cxb5 37. Kd3 Rc8 38. Re2 Rd8 39. Rc2 Ke6
40. Rc7 Rd7 41. Rc8 Rd5 42. a3 Rg5 43. Rc5 Rxc5 44. dxc5 Kd5 45. b4 f5 46. Ke3
g5 47. Kf3 axb4 48. axb4 Ke5 49. Ke3 h5 50. Kf3 f4 51. Kf2 g4 52. Ke2 Kd5 53.
h4 Kc6 54. Kd2 Kd5 55. Kd3 Kc6 56. Ke4 f3 57. gxf3 g3 58. Ke3 Kd5 59. Ke2 Ke5
60. Kf1 Kf4 61. c6 Kxf3 62. c7 Kg4 63. c8=Q+ Kxh4 64. Kg2 Kg5 65. Kxg3 h4+ 66.
Kh3 Kf4 67. Qe6 1-0

[Event "DEM U12 2005"]
[Site "Willingen GER"]
[Date "2005.05.15"]
[Round "1"]
[White "Meyer, Stephan"]
[Black "Zimmermann, Gordon"]
[Result "0-1"]
[Termination "normal"]
[Board "13"]
[WhiteElo "1395"]
[BlackElo "1686"]
[PlyCount "54"]
[BlackFideId "24624330"]
[EventCountry "GER"]
[EventRounds "11"]
[EventType "swiss"]
[EventDate "2005.05.15"]

1. e4 e5 2. Nf3 Nc6 3. Bc4 Nf6 4. d4 exd4 5. e5 d5 6. Bb5 Ne4 7. O-O Bd7 8.
Bxc6 bxc6 9. Nxd4 Bc5 10. Be3 O-O 11. f3 Ng5 12. f4 Ne4 13. Nd2 Nxd2 14. Qxd2
Re8 15. Kh1 f6 16. Qc3 Bb6 17. Rae1 c5 18. Qb3 cxd4 19. Bxd4 Bxd4 20. Qxd5+ Be6
21. Qc6 Qd7 22. Qxd7 Bxd7 23. Rd1 Bb5 24. Rfe1 fxe5 25. fxe5 Rxe5 26. Rxe5 Bxe5
27. Rd5 Rf8 0-1

[Event "DEM U12 2005"]
[Site "Willingen GER"]
[Date "2005.05.15"]
[Round "1"]
[White "Gadschisade, Machmud"]
[Black "Lebek, Ricarda"]
[Result "1-0"]
[Termination "normal"]
[Board "14"]
[WhiteElo "1676"]
[BlackElo "1394"]
[PlyCount "107"]
[WhiteFideId "4647734"]
[BlackFideId "4624688"]
[EventCountry "GER"]
[EventRounds "11"]
[EventType "swiss"]
[EventDate "2005.05.15"]

1. c4 Nc6 2. Nc3 e5 3. g3 d6 4. Bg2 Be6 5. d3 Nf6 6. Nf3 Be7 7. O-O O-O 8. Bg5
h6 9. Bd2 d5 10. cxd5 Nxd5 11. Nxd5 Bxd5 12. Bc3 Bf6 13. e3 Qd7 14. Qc2 Rad8
15. Rfd1 Rfe8 16. d4 exd4 17. Nxd4 Bxg2 18. Kxg2 Nxd4 19. Bxd4 Bxd4 20. Rxd4
Qe7 21. Rad1 Rxd4 22. Rxd4 c5 23. Rd5 b6 24. Qd3 Qe4+ 25. Qxe4 Rxe4 26. Rd8+
Kh7 27. Rd7 Ra4 28. a3 Kg6 29. Kf3 b5 30. Rb7 b4 31. axb4 Rxb4 32. Rxb4 cxb4
33. Ke4 a5 34. b3 Kf6 35. Kd4 Ke6 36. Kc4 f5 37. Kb5 Kd5 38. f3 g6 39. Kxa5 Kc5
40. Ka4 g5 41. Ka5 h5 42. h3 h4 43. gxh4 gxh4 44. Ka4 Kd5 45. Kxb4 Kd6 46. Kc4
Kc6 47. b4 Kd6 48. b5 Kc7 49. Kc5 Kb7 50. b6 Kc8 51. Kc6 Kb8 52. b7 Ka7 53. Kc7
Ka6 54. b8=Q 1-0

[Event "DEM U12 2005"]
[Site "Willingen GER"]
[Date "2005.05.15"]
[Round "1"]
[White "Lindner, Robert"]
[Black "Hager, Joshua Aarash"]
[Result "0-1"]
[Termination "normal"]
[Board "15"]
[WhiteElo "1391"]
[BlackElo "1632"]
[PlyCount "68"]
[WhiteFideId "24658847"]
[BlackFideId "24642789"]
[EventCountry "GER"]
[EventRounds "11"]
[EventType "swiss"]
[EventDate "2005.05.15"]

1. e4 e6 2. d4 d5 3. exd5 exd5 4. Bd3 Bd6 5. Nc3 Nf6 6. Bg5 c6 7. Nge2 O-O 8.
Qd2 Nbd7 9. f3 Qc7 10. O-O-O b5 11. Rdg1 a5 12. g4 a4 13. h4 b4 14. Nb1 c5 15.
h5 b3 16. axb3 axb3 17. c3 cxd4 18. Bxf6 Nxf6 19. g5 dxc3 20. Nbxc3 Ne8 21. g6
h6 22. gxf7+ Rxf7 23. Qxh6 d4 24. Qh7+ Kf8 25. Nxd4 Ra1+ 26. Bb1 Bf4+ 27. Kd1
Rd7 28. Qe4 Rxb1+ 29. Nxb1 Qc1+ 30. Ke2 Qxb2+ 31. Kf1 Qxd4 32. Qa8 Qd1+ 33. Kf2
Qc2+ 34. Ke1 Rd1# 0-1

[Event "DEM U12 2005"]
[Site "Willingen GER"]
[Date "2005.05.15"]
[Round "1"]
[White "Berchtenbreiter, Maximilian"]
[Black "Schätz, Annika"]
[Result "1-0"]
[Termination "normal"]
[Board "16"]
[WhiteElo "1631"]
[BlackElo "1386"]
[PlyCount "57"]
[WhiteFideId "24641120"]
[BlackFideId "24674796"]
[EventCountry "GER"]
[EventRounds "11"]
[EventType "swiss"]
[EventDate "2005.05.15"]

1. e4 c5 2. c3 d5 3. exd5 Qxd5 4. Nf3 Nc6 5. Be2 Nf6 6. O-O g6 7. d4 cxd4 8.
cxd4 Bg7 9. Nc3 Qd8 10. d5 Nb4 11. Qa4+ Nd7 12. Qxb4 O-O 13. d6 e6 14. Bc4 Nf6
15. Bg5 b6 16. Ne4 Bb7 17. Nxf6+ Bxf6 18. Bxf6 Qxf6 19. Be2 Rfd8 20. Rfd1 Rac8
21. Ne1 e5 22. Bg4 Rc6 23. Bf3 Rcxd6 24. Rxd6 Rxd6 25. Bxb7 Rd7 26. Qc4 Rd2 27.
Nd3 h5 28. Qc3 Re2 29. Bf3 1-0

[Event "DEM U12 2005"]
[Site "Willingen GER"]
[Date "2005.05.15"]
[Round "1"]
[White "Kammrad, Carolin"]
[Black "Ma, Beini"]
[Result "0-1"]
[Termination "normal"]
[Board "17"]
[WhiteElo "1385"]
[BlackElo "1630"]
[PlyCount "52"]
[BlackFideId "24630101"]
[EventCountry "GER"]
[EventRounds "11"]
[EventType "swiss"]
[EventDate "2005.05.15"]

1. e4 c5 2. Nf3 d6 3. d4 cxd4 4. Nxd4 Nf6 5. Nc3 a6 6. Bd3 e5 7. Nf3 Be6 8. O-O
Nc6 9. Be3 Be7 10. Qd2 d5 11. exd5 Nxd5 12. a3 O-O 13. Be4 Nxe3 14. Qxe3 f6 15.
Rad1 Qc7 16. Bd5 Qc8 17. Bxe6+ Qxe6 18. Nd5 Rad8 19. Nc7 Qc4 20. Nd2 Qxc2 21.
Ne6 Rd3 22. Qe2 Rc8 23. Qg4 g6 24. Nc5 f5 25. Qa4 Qxa4 26. Nxa4 Rcd8 0-1

[Event "DEM U12 2005"]
[Site "Willingen GER"]
[Date "2005.05.15"]
[Round "1"]
[White "Günnigmann, Manuel"]
[Black "Lauer, Florian"]
[Result "1-0"]
[Termination "normal"]
[Board "18"]
[WhiteElo "1625"]
[BlackElo "1382"]
[PlyCount "73"]
[WhiteFideId "24640360"]
[BlackFideId "12910074"]
[EventCountry "GER"]
[EventRounds "11"]
[EventType "swiss"]
[EventDate "2005.05.15"]

1. e4 c5 2. Nf3 Nc6 3. d4 cxd4 4. Nxd4 g6 5. Nc3 Bg7 6. Be3 e6 7. Bc4 Nge7 8.
Bb3 O-O 9. Qd2 Re8 10. O-O-O d5 11. exd5 Nxd5 12. Nxd5 exd5 13. Nf3 Qf6 14. c3
Bg4 15. Bxd5 Rad8 16. Bg5 Bh6 17. Bxf6 Bxd2+ 18. Rxd2 Rd6 19. Bxf7+ Kxf7 20.
Rxd6 Bxf3 21. gxf3 Re2 22. Bh4 Ne5 23. Rhd1 Ke8 24. R6d2 Rxd2 25. Rxd2 Nxf3 26.
Rd8+ Kf7 27. Bg3 Ke7 28. Rb8 b6 29. Rb7+ Kf6 30. Rxh7 a5 31. Rb7 b5 32. Rxb5 a4
33. Kd1 g5 34. Rd5 g4 35. b3 axb3 36. axb3 Ng5 37. Bh4 1-0

[Event "DEM U12 2005"]
[Site "Willingen GER"]
[Date "2005.05.15"]
[Round "1"]
[White "Riabov, Igor"]
[Black "Kotainy, Jens"]
[Result "0-1"]
[Termination "normal"]
[Board "19"]
[WhiteElo "1380"]
[BlackElo "1624"]
[PlyCount "74"]
[BlackFideId "24670499"]
[EventCountry "GER"]
[EventRounds "11"]
[EventType "swiss"]
[EventDate "2005.05.15"]

1. d4 Nf6 2. c4 e6 3. Nc3 Bb4 4. Bd2 O-O 5. Nf3 b6 6. e3 Bb7 7. Bd3 d5 8. cxd5
exd5 9. Qc2 c5 10. O-O Nbd7 11. a3 Bxc3 12. Bxc3 Rc8 13. Qe2 Re8 14. Rac1 Qe7
15. Rfd1 Ne4 16. Bxe4 dxe4 17. Nd2 Qg5 18. b4 Re6 19. dxc5 bxc5 20. Nc4 Rg6 21.
g3 Bd5 22. h4 Qf5 23. Rc2 h6 24. Rcd2 Bxc4 25. Qxc4 Nb6 26. Rd8+ Kh7 27. Qb5
Rcc6 28. Re8 Rgd6 29. Rxd6 Rxd6 30. Bd4 Qd7 31. Qxd7 Nxd7 32. bxc5 Rc6 33. Rxe4
Nxc5 34. Re7 a6 35. Rxf7 Ne6 36. Bb2 Kg6 37. Kg2 Kxf7 0-1

[Event "DEM U12 2005"]
[Site "Willingen GER"]
[Date "2005.05.15"]
[Round "1"]
[White "Lobmeyer, Fabian"]
[Black "Fittkau, Nico"]
[Result "1-0"]
[Termination "normal"]
[Board "20"]
[WhiteElo "1616"]
[BlackElo "1369"]
[PlyCount "79"]
[WhiteFideId "24659681"]
[EventCountry "GER"]
[EventRounds "11"]
[EventType "swiss"]
[EventDate "2005.05.15"]

1. d4 e6 2. c4 Nf6 3. Nc3 Bb4 4. Qc2 c5 5. dxc5 Bxc5 6. Bg5 Nc6 7. e3 b6 8. a3
Bb7 9. b4 Be7 10. Nf3 Ng4 11. Nb5 Rc8 12. Nd6+ Kf8 13. Bxe7+ Qxe7 14. Nxc8 Bxc8
15. Rb1 Nge5 16. Nxe5 Nxe5 17. c5 Qd8 18. cxb6 axb6 19. Rc1 Ke7 20. Be2 f6 21.
O-O Bb7 22. Qc7 Qxc7 23. Rxc7 Bc6 24. b5 Bd5 25. Rd1 f5 26. f4 Nf7 27. Bf3 Kd6
28. Rc3 Ke7 29. Bxd5 exd5 30. Rxd5 g6 31. Rc7 Nd6 32. Re5+ Kd8 33. Ra7 Nc8 34.
Ra4 Rf8 35. Rd4 Rf7 36. Kf2 Rf6 37. Red5 Rf7 38. Kf3 Ne7 39. Rxd7+ Kc8 40. Rd8+
1-0

[Event "DEM U12 2005"]
[Site "Willingen GER"]
[Date "2005.05.15"]
[Round "1"]
[White "Orhan, Eda"]
[Black "Wittke, Rene"]
[Result "1/2-1/2"]
[Termination "normal"]
[Board "21"]
[WhiteElo "1366"]
[BlackElo "1612"]
[PlyCount "25"]
[WhiteFideId "24659258"]
[BlackFideId "24640255"]
[EventCountry "GER"]
[EventRounds "11"]
[EventType "swiss"]
[EventDate "2005.05.15"]

1. e4 d5 2. exd5 Nf6 3. d4 Nxd5 4. c4 Nb6 5. Nc3 g6 6. Nf3 Bg7 7. h3 O-O 8. Be3
Nc6 9. Qd2 Re8 10. O-O-O e6 11. Bh6 a5 12. Bxg7 Kxg7 13. Qf4 1/2-1/2

[Event "DEM U12 2005"]
[Site "Willingen GER"]
[Date "2005.05.15"]
[Round "1"]
[White "Kartsev, Alexandr"]
[Black "Lingl, Xenia"]
[Result "0-1"]
[Termination "normal"]
[Board "22"]
[WhiteElo "1600"]
[BlackElo "1363"]
[PlyCount "154"]
[WhiteFideId "24647110"]
[EventCountry "GER"]
[EventRounds "11"]
[EventType "swiss"]
[EventDate "2005.05.15"]

1. d4 d5 2. Nf3 e6 3. Bf4 Nf6 4. e3 Be7 5. Bd3 O-O 6. O-O b6 7. Nbd2 Bb7 8. c4
Nbd7 9. Rc1 Rc8 10. Qc2 h6 11. a3 a5 12. Bg3 Re8 13. cxd5 Bd6 14. dxe6 Rxe6 15.
Bxd6 Rxd6 16. Qb3 Nf8 17. Ne5 Qe7 18. Bf5 Rcd8 19. Qc4 Ne6 20. Bxe6 Rxe6 21.
Qxc7 Qxc7 22. Rxc7 Bd5 23. Rfc1 Ree8 24. Nc6 Rd6 25. Ne7+ Kf8 26. Nxd5 Rxd5 27.
Rc8 Rb5 28. b3 Rxc8 29. Rxc8+ Ke7 30. a4 Rd5 31. Rb8 Nd7 32. Nc4 Nxb8 33. Nxb6
Rd8 34. Nc4 Rc8 35. Kf1 Ke6 36. Nxa5 Rc1+ 37. Ke2 Ra1 38. e4 f6 39. Nb7 Rb1 40.
a5 Na6 41. d5+ Kd7 42. e5 fxe5 43. Ke3 Rxb3+ 44. Ke4 Rxb7 45. Kxe5 Rb2 46. f4
Rxg2 47. h4 h5 48. f5 Rg4 49. f6 gxf6+ 50. Kxf6 Rxh4 51. Kg5 Rd4 52. Kxh5 Rxd5+
53. Kg6 Re5 54. Kf6 Rxa5 55. Kg6 Re5 56. Kf6 Re1 57. Kf5 Kd6 58. Kf4 Kd5 59.
Kf3 Kd4 60. Kf2 Re8 61. Kf3 Nc5 62. Kf2 Kd3 63. Kf1 Kd2 64. Kf2 Rf8+ 65. Kg3
Ke3 66. Kg4 Ke4 67. Kg5 Ke5 68. Kg6 Ke6 69. Kg7 Rf1 70. Kg8 Ke7 71. Kg7 Rg1+
72. Kh6 Kf6 73. Kh5 Kf5 74. Kh4 Kf4 75. Kh3 Kf3 76. Kh2 Rg8 77. Kh1 Kf2 0-1

[Event "DEM U12 2005"]
[Site "Willingen GER"]
[Date "2005.05.15"]
[Round "1"]
[White "Nguyen Minh, Thuy"]
[Black "Boos, Philipp"]
[Result "0-1"]
[Termination "normal"]
[Board "23"]
[WhiteElo "1328"]
[BlackElo "1586"]
[PlyCount "60"]
[WhiteFideId "24672688"]
[EventCountry "GER"]
[EventRounds "11"]
[EventType "swiss"]
[EventDate "2005.05.15"]

1. e4 e5 2. Nf3 Nf6 3. Nc3 Bb4 4. d3 d6 5. Bd2 Be6 6. a3 Ba5 7. g3 Nc6 8. Bg2
O-O 9. O-O h6 10. Be3 Bb6 11. Qd2 Ng4 12. Rad1 Nd4 13. Bxd4 exd4 14. Ne2 Qf6
15. e5 Nxe5 16. Nfxd4 c5 17. Nb5 Nf3+ 18. Bxf3 Qxf3 19. Qe3 Qc6 20. c4 Bh3 21.
Qe4 Bxf1 22. Kxf1 Qd7 23. Nec3 Rfe8 24. Qd5 Re5 25. Qxd6 Qh3+ 26. Kg1 Rae8 27.
Ne4 f5 28. Re1 fxe4 29. Rxe4 Rxe4 30. dxe4 Rd8 0-1